| 000 | 00534nam a2200181Ia 4500 | ||
|---|---|---|---|
| 003 | STCL | ||
| 008 | 181203s9999 xx 000 0 und d | ||
| 020 | _a9789350718612 | ||
| 040 |
_aSTCL _bEN _cSTCL |
||
| 082 | _222 | ||
| 100 | _aInternational Accounting Standards Board | ||
| 245 | 0 | _aIFRS Standards: Part A: The Conceptual Framework and Requirements | |
| 246 | _aInternational Financial Reporting Standards (IFRS) | ||
| 260 |
_bTaxmann Publications _aNew Delhi _c2016 |
||
| 300 | _a1541 | ||
| 546 | _aEnglish | ||
| 942 |
_2ddc _cBK |
||
| 999 |
_c85013 _d85013 |
||